Konkni kata pelo. (Record no. 106831)

MARC details
000 -LEADER
fixed length control field 00590nam a2200217Ia 4500
003 - CONTROL NUMBER IDENTIFIER
control field OSt
005 - DATE AND TIME OF LATEST TRANSACTION
control field 20260623123129.0
008 - FIXED-LENGTH DATA ELEMENTS--GENERAL INFORMATION
fixed length control field 210210b1998 xxu||||| |||| 00| 0 eng d
020 ## - INTERNATIONAL STANDARD BOOK NUMBER
International Standard Book Number 81 86662 02 2
040 ## - CATALOGING SOURCE
Transcribing agency AL
041 ## - LANGUAGE CODE
Language code of text/sound track or separate title Konkani
082 ## - DEWEY DECIMAL CLASSIFICATION NUMBER
Classification number 891.46308 RAKK
100 ## - MAIN ENTRY--PERSONAL NAME
Personal name RAKNO.
Dates associated with a name ರಾಕ್ಣೊ
9 (RLIN) 265934
245 ## - TITLE STATEMENT
Title Konkni kata pelo.
Remainder of title ಕೊಂಕ್ಣಿ ಕಥಾ ಪೆಳೋ
260 ## - PUBLICATION, DISTRIBUTION, ETC.
Place of publication, distribution, etc. Manglur
Name of publisher, distributor, etc. Rakno Prakashan.
Date of publication, distribution, etc. 1998
300 ## - PHYSICAL DESCRIPTION
Extent 124
650 ## - SUBJECT ADDED ENTRY--TOPICAL TERM
Topical term or geographic name entry element Konkani short stories
9 (RLIN) 265935
690 ## - LOCAL SUBJECT ADDED ENTRY--TOPICAL TERM (OCLC, RLIN)
Topical term or geographic name as entry element Konkani Fiction
9 (RLIN) 265936
906 ## - LOCAL DATA ELEMENT F, LDF (RLIN)
a 059641
942 ## - ADDED ENTRY ELEMENTS (KOHA)
Source of classification or shelving scheme Dewey Decimal Classification
Koha item type Book
Holdings
Withdrawn status Lost status Damaged status Not for loan Collection code Home library Current library Shelving location Date acquired Source of acquisition Cost, normal purchase price Total Checkouts Full call number Barcode Date last seen Price effective from Koha item type
          St Aloysius Library St Aloysius Library   02/17/2021 Rakno/Kajulo, Mangalore 30.00   891.46308 RAKK 059641 02/17/2021 02/17/2021 Book